Представление документа в формате RUSMARC

Поле Инд. ПП Название Значение
Тип записи a
Библиографический уровень a
001 Контрольный номер 087cb4f5a7aa4a95841e2ac94f7524c9
005 Дата корректировки 20190523114041.7
100 a Данные общей обработки 20190523 ||| 0rusy0189 ca
101 0_ a Язык текста rus
102 a Страна публикации RU
200 1_ f Первые сведения об ответственности П.Н. Бирюков
a Заглавие Гражданское судопроизводство Англии и Уэльса: первая инстанция, доказательства
b Общее обозначение материала Текст
210 1_ d Дата издания 2019
461 _0 1 2000
a Арбитражный и гражданский процесс
463 _0 1 2000
a № 4
v С. 59-63
1 2101
d 2019
1 0011cf300e9d9224a77a71b3b4f64ae32a9
606 a Основная рубрика Международное право. Право отдельных стран
610 0_ a Ключевые слова ПРАВО ЗАРУБЕЖНЫХ СТРАН
a Ключевые слова АНГЛИЯ
a Ключевые слова ГРАЖДАНСКИЙ ПРОЦЕСС
700 _1 a Фамилия Бирюков
b Имя П.Н.
801 _0 a Страна RU
b Организация РГУП
c Дата составления 20190523
g Правила каталогизации PSBO
801 _1 a Страна RU
b Организация РГУП
c Дата составления 20190523
g Правила каталогизации PSBO
901 t Тип документа b
w Контрольный № источника 1cf300e9d9224a77a71b3b4f64ae32a9
905 a Дата ввода 20190523